| 000 | 00500nam a2200193Ia 4500 | ||
|---|---|---|---|
| 003 | 0100 | ||
| 008 | 130303s9999 xx 000 0 und d | ||
| 040 | _cARRUPELIB | ||
| 050 | _aJX1246.I571964 | ||
| 100 | _aSegal, Ronald | ||
| 245 | _aSanctions against South Africa | ||
| 260 | _aBaltimore | ||
| 260 | _bPenguin Books | ||
| 260 | _C1964 | ||
| 300 | _a272 p. | ||
| 300 | _b 19 cm | ||
| 700 | _aInternational Conference on Economic Sanctions against South Africa , Ronald Seg | ||
| 942 | 0 | 0 | _01 |
| 999 |
_c41871 _d41871 |
||